00410nam a2200133Ia 450000500170000000800410001702000150005808200130007310000170008624500610010326000340016430000200019850000580021820250612025401.0240331s9999 xx 000 0 und d a9552107148 bRANa320 aRanaweera, N 0aVisivana shatha varshaye merata andukramaya :b1900-1994 aColombobGunasena Booksc1995 a160 p ., ( c 2) aThe Constitution of this country in twentieth century